Revolución y democracia en Nicaragua /
Shranjeno v:
| Glavni avtor: | |
|---|---|
| Format: | Texto |
| Jezik: | Spanish |
| Teme: | |
| Oznake: |
Označite
Brez oznak, prvi označite!
|
MARC
| LEADER | 00000 a a2200000 04500 | ||
|---|---|---|---|
| 001 | 13971 | ||
| 003 | cru CRAI/IIS | ||
| 005 | 20210518103813.0 | ||
| 008 | 210518b |||||||| |||| 00| 0 spa d | ||
| 040 | |c cru CRAI/IIS | ||
| 100 | 1 | |a Coraggio, José Luis | |
| 245 | 1 | |a Revolución y democracia en Nicaragua / |c José Luis Coraggio | |
| 500 | |a Colección Centroamérica | ||
| 650 | |a DEMOCRACIA | ||
| 650 | |a REVOLUCION | ||
| 650 | |a CONDICIONES SOCIALES | ||
| 650 | |a RELACIONES INTERNACIONALES | ||
| 650 | |a DESARROLLO SOCIAL | ||
| 650 | |a IMPERIALISMO | ||
| 773 | |g número 10; páginas 111-132 | ||
| 773 | 0 | |0 42998 |9 5694 |a Universidad Nacional de Costa Rica. |d Heredia, Costa Rica: Universidad Nacional. Escuela de Relaciones Internacionales |o SIABUC: 5440_10 |t Relaciones Internacionales/ |x 10180583 | |
| 942 | |2 ddc |c PP | ||
| 999 | |c 21000 |d 21000 | ||
